Spanish Frequency Words - Statistics

General Stats
  • This quiz has been taken 37 times
  • The average score is 7 of 8
Answer Stats
Hint Answer % Correct
siempre always
100%
nunca never
100%
el fin de semana the weekend
93%
todos los días everyday
90%
a veces sometimes
87%
después de after
83%
después afterwards
83%
a menudo often
70%
No matching quizzes found
Score Distribution
Percent of People with Each Score
Percentile by Number Answered
Your Score History
You have not taken this quiz